000 00352 a2200157 4500
001 180720
020 _a
040 _cMagnum
100 _aPerdrizet, Marie-Pierre
240 1 0 _aOs homens da pre-historia
_lpor
245 1 0 _aOs homens da pre-historia
362 0 _a1899
440 1 _aScipione
697 _aMAGNITO: IJ/PARADIDATICO
942 _cBK
999 _c180720
_d180720